A PRACTICAL MANUAL OF PHARMACOLOGY (Record no. 8005)

MARC details
000 -LEADER
fixed length control field 00393nam a22001577a 4500
005 - DATE AND TIME OF LATEST TRANSACTION
control field 20220616112636.0
008 - FIXED-LENGTH DATA ELEMENTS--GENERAL INFORMATION
fixed length control field 220616b ||||| |||| 00| 0 eng d
020 ## - INTERNATIONAL STANDARD BOOK NUMBER
ISBN 97815-43346-23-7
041 ## - LANGUAGE CODE
Language code of text/sound track or separate title eng
100 ## - MAIN ENTRY--AUTHOR NAME
Personal name MUDE, GAURAV AND OTHERS
245 ## - TITLE STATEMENT
Title A PRACTICAL MANUAL OF PHARMACOLOGY
260 ## - PUBLICATION, DISTRIBUTION, ETC. (IMPRINT)
Name of publisher S.VIKASH AND COMPANY
300 ## - PHYSICAL DESCRIPTION
Number of Pages 94;p
650 ## - SUBJECT ADDED ENTRY--TOPICAL TERM
Topical Term PHARMACY
942 ## - ADDED ENTRY ELEMENTS (KOHA)
Koha item type Books
Holdings
Lost status Damaged status Collection code Home library Current library Shelving location Date acquired Source of acquisition Cost, normal purchase price Accession Number Koha item type
    PHARMACY JRU Library JRU Library Shelf - 21- C 16/06/2022 DONATION 155.00 26823 Books